000 00414nam a2200181Ia 4500
003 0STCL
008 150530s9999 xx 000 0 und d
040 _aSTCL
_cSTCL
100 _aGovindan Nair, M.N.
245 _aStamp Sekharanam
250 _a1
260 _bCurrent Book; Thrissur
_c1993
_aThrissur
300 _a0
546 _aMalayalam
942 _2ddc
_cBK
999 _c76738
_d76738
005 20220125171633.0